000 00377nam a2200157Ia 4500
003 0STCL
008 150530s9999 xx 000 0 und d
040 _aSTCL
_cSTCL
100 _aSeebohm Rowntnee, B.; Bruno Lasken
245 _aUnemployment a social study
260 _bMacmillan
_c1911
546 _aEnglish
942 _2ddc
_cBK
999 _c13337
_d13337
005 20220125165650.0